Dosłowne tłumaczenia piosenek - francuski - Statystyki

Ogólne statystyki
  • Ten quiz został rozwiązany 6 razy
  • Średni wynik to 9 z 20
Statystyki odpowiedzi
Francuski Polski % Poprawnych
Barcelone Barcelona (Pectus)
100%
Les cigales des Cyclades Cykady na Cykladach (Maanam)
100%
Début Początek (Męskie Granie)
75%
Danse, espèce de stupide danse Tańcz, głupia tańcz (Lady Pank)
75%
Triangles et carrés Trójkąty i kwadraty (Dawid Podsiadło)
75%
Son portrait Jej portret (Bogusław Mec)
50%
Fiancée de crise Kryzysowa narzeczona (Lady Pank)
50%
La ville se réveille Miasto budzi się (Yugopolis, Paweł Kukiz)
50%
Rien deux fois Nic dwa razy (Sanah)
50%
Tu étais tout pour moi Byłaś dla mnie wszystkim (Enej)
25%
La fille du pêcheur Córka rybaka (Wały Jagiellońskie)
25%
Comme la voix d'un ange Jak anioła głos (Feel)
25%
Eau de Cologne et cigarettes Kolońska i szlugi (Sanah)
25%
Quelqu'un de nouveau Ktoś nowy (Video)
25%
J'aime retourner là où j'étais Lubię wracać tam gdzie byłem (Zbigniew Wodecki)
25%
Pour toujours et à jamais Na zawsze i na wieczność (Wilki)
25%
Nous découvrirons un amour inconnu Odkryjemy miłość nieznaną (Alicja Majewska)
25%
L'art du vol Sztuka latania (Lady Pank)
25%
Je crois en un monde meilleur Wierzę w lepszy świat (Bracia)
25%
Tous les musiciens sont des guerriers Wszyscy muzycy to wojownicy (Męskie Granie)
25%
Nie znaleziono quizów pasujących do podanych kryteriów
Rozkład punktacji
Procent ludzi z każdym wynikiem
Percentyl według liczby udzielonych odpowiedzi
Twoja historia wyników
Nie rozwiązałeś tego quizu